Accountancy For All (Record no. 21601)

MARC details
000 -LEADER
fixed length control field 00451nam a2200181Ia 4500
008 - FIXED-LENGTH DATA ELEMENTS--GENERAL INFORMATION
fixed length control field 220531s9999 xx 000 0 und d
041 ## - LANGUAGE CODE
Language code of text/sound track or separate title eng
082 ## - DEWEY DECIMAL CLASSIFICATION NUMBER
Classification number 657
Item number ARO / DHA
100 ## - MAIN ENTRY--PERSONAL NAME
Personal name Arora, N. K. / Dhawan, K. R.
9 (RLIN) 35172
245 ## - TITLE STATEMENT
Title Accountancy For All
250 ## - EDITION STATEMENT
Edition statement 3RD
260 ## - PUBLICATION, DISTRIBUTION, ETC. (IMPRINT)
Place of publication, distribution, etc. New Delhi
Name of publisher, distributor, etc. IIMS
Date of publication, distribution, etc. 1995
300 ## - PHYSICAL DESCRIPTION
Extent 290
542 ## - INFORMATION RELATING TO COPYRIGHT STATUS
Copyright holder 15-07-1997
650 ## - SUBJECT ADDED ENTRY--TOPICAL TERM
Topical term or geographic name as entry element Accountancy
9 (RLIN) 35173
906 ## - LOCAL DATA ELEMENT F, LDF (RLIN)
d 1997-1998
f 5164
Holdings
Withdrawn status Lost status Source of classification or shelving scheme Damaged status Not for loan Collection code Home library Current library Date acquired Vendor Cost, normal purchase price Total Checkouts Total Holds Full call number Barcode Date last seen Bill Date Koha item type Original Barcode
    Dewey Decimal Classification       Shri Siddhivinayak Mahila Mahavidyalaya Shri Siddhivinayak Mahila Mahavidyalaya 15/07/1997 Varma 50.00   1 657/ARO / DHA/B/2582 SSMM-BK-2582 06/08/2022 06/08/2022 Books 010002582